Biden or Trump? - Statistics

General Stats
  • This quiz has been taken 58 times
    57 since last reset
  • The average score is 8 of 20
Answer Stats
Question Answer % Correct
Did not attend the others innaguration Trump
80%
45th President of the United States Trump
80%
Was a Lawyer Biden
65%
Would be 88 years on December 31st, 2030 Biden
60%
Has German Shepard Biden
55%
Born in Pennsylvania Biden
55%
Took care of mice while in White House Neither
55%
President under COVID-19 Pandemic Both
45%
Recieved 300+ Electoral Votes in the Elections they Won Both
45%
Ran in the year 1996 Neither
45%
Went to an Ivy League School Trump
45%
Has button that brings food Both
40%
Lost the Iowa Caucus at Least Once Both
40%
Won the State of Nevada in all of their elections Biden
30%
Ran in 2008 Biden
30%
Has four children Both
15%
Was an Independent Both
10%
Defeated a Woman Both
10%
Was a Democrat Trump
10%
Remarried Twice Biden
5%
No matching quizzes found
Score Distribution
Percent of People with Each Score
Percentile by Number Answered
Your Score History
You have not taken this quiz since the last reset